| Tag |
First Indicator |
Second Indicator |
Subfields |
| LEADER |
00000cam a2200000 i 4500 |
| 001 |
in00004426549 |
| 006 |
m o d |
| 007 |
cr ||||||||||| |
| 008 |
200903s2021 mdu ob 001 0 eng |
| 005 |
20250816204157.2 |
| 010 |
|
|
|a 2020038779
|
| 020 |
|
|
|a 1538133253
|
| 020 |
|
|
|a 9781538133255
|q (electronic bk.)
|
| 020 |
|
|
|z 9781538133248
|q (cloth)
|
| 024 |
8 |
|
|a 40030420359
|
| 035 |
|
|
|a (DLC)ebc6455066
|
| 040 |
|
|
|a NhCcYBP
|c NhCcYBP
|d UtOrBLW
|
| 042 |
|
|
|a pcc
|
| 050 |
|
4 |
|a HT166
|b .W65 2021
|
| 082 |
0 |
0 |
|a 307.1/216
|2 23
|
| 100 |
1 |
|
|a Wolfe, Charles R.,
|e author.
|0 http://id.loc.gov/authorities/names/n80122417
|
| 245 |
1 |
0 |
|a Sustaining a city's culture and character :
|b principles and best practices /
|c Charles R. Wolfe ; with Tigran Haas.
|
| 264 |
|
1 |
|a Lanham :
|b Rowman & Littlefield Publishers,
|c [2021]
|
| 300 |
|
|
|a 1 online resource.
|
| 336 |
|
|
|a text
|b txt
|2 rdacontent
|
| 337 |
|
|
|a computer
|b c
|2 rdamedia
|
| 338 |
|
|
|a online resource
|b cr
|2 rdacarrier
|
| 504 |
|
|
|a Includes bibliographical references and index.
|
| 588 |
|
|
|a Description based on print version record.
|
| 500 |
|
|
|a Electronic resource.
|
| 650 |
|
0 |
|a City planning.
|0 http://id.loc.gov/authorities/subjects/sh85026282
|
| 650 |
|
0 |
|a Sustainable development.
|0 http://id.loc.gov/authorities/subjects/sh92005743
|
| 650 |
|
0 |
|a Urbanization.
|0 http://id.loc.gov/authorities/subjects/sh85141338
|
| 655 |
|
7 |
|a Electronic books.
|2 local
|
| 700 |
1 |
|
|a Haas, Tigran,
|e author.
|0 http://id.loc.gov/authorities/names/no2008084635
|
| 710 |
2 |
|
|a ProQuest (Firm)
|0 http://id.loc.gov/authorities/names/n2007068018
|
| 776 |
1 |
8 |
|i Print version:
|a Wolfe, Charles R..
|t Sustaining a city's culture and character
|d Lanham : Rowman & Littlefield Publishers, 2021.
|z 9781538133248
|w (DLC) 2020038778
|
| 856 |
4 |
0 |
|u https://ebookcentral.proquest.com/lib/tamucs/detail.action?docID=6455066
|z Connect to the full text of this electronic book
|t 0
|
| 945 |
|
|
|b 820396
|
| 955 |
|
|
|a YBP purchased approval e-records
|
| 980 |
|
|
|b 129.00
|g 1
|
| 987 |
|
|
|a ybp301882507
|
| 999 |
f |
f |
|s c9e3219f-2f3c-3d15-b9d6-41f36618b88a
|i 769c774b-5827-354f-ab1f-1463f924cc4f
|t 0
|
| 952 |
f |
f |
|a Texas A&M University
|b College Station
|c Electronic Resources
|d Available Online
|t 0
|e HT166 .W65 2021
|h Library of Congress classification
|
| 998 |
f |
f |
|a HT166 .W65 2021
|t 0
|l Available Online
|